000 00956nam a2200277 a 4500
001 56804
003 BD-RjUL
005 20211209080432.0
008 161204s1991 enk b 001 0 eng
020 _a0860372103 (pbk.) :
_c£14.50
020 _a0860372111 (hardback)
035 _a(BD-RjUL)56928
040 _aDLC
_cDLC
_dBD-RjUL
_beng
041 _aeng
082 0 0 _a297.216
_223
_bSAC 1991
245 1 0 _aSacrilege versus civility :
_bMuslim perspectives on the Satanic verses affair /
_cedited by M.M. Ahsan and A.R. Kidwai.
260 _aMarkfield, Leicester, U.K. :
_bIslamic Foundation,
_cc1991.
300 _a383 p. ;
_c21 cm.
504 _aIncludes bibliographical references (p. 343-375) and index.
600 1 0 _aRushdie, Salman.
_tSatanic verses.
_9168914
650 0 _aIslam and literature.
_9168915
700 1 _aAhsan, M. M.
_9168916
700 1 _aKidwai, Abdur Raheem.
_9168917
942 _2ddc
_cBK
999 _c56804
_d56804